|
|
|
|
| LEADER |
01367nam a2200289 a 4500 |
| 001 |
GR-MES15207 |
| 008 |
070515s2008 mau b 001 b eng d |
| 020 |
|
|
|a 9780262012423
|
| 020 |
|
|
|q 0262012421
|
| 040 |
|
|
|a GrPaTEI
|b gre
|c GR-PaULI
|
| 040 |
|
|
|a GrPaTEI
|b gre
|c GR-PaULI
|
| 082 |
|
0 |
|a 025.04
|2 21
|
| 100 |
1 |
|
|a Antoniou, G.
|q (Grigoris)
|
| 245 |
1 |
2 |
|a A semantic Web primer /
|c Grigoris Antoniou and Frank van Harmelen.
|
| 250 |
|
|
|a 2nd ed.
|
| 260 |
|
|
|a Cambridge, MA:
|b MIT Press,
|c c2008
|
| 300 |
|
|
|a xxi, 264 σ. :
|b εικ. ;
|c 24 εκ.
|
| 490 |
0 |
|
|a Cooperative information systems
|
| 504 |
|
|
|a Περιλαμβάνει βιβλιογραφικές παραπομπές και ευρετήριο.
|
| 650 |
|
0 |
|a Semantic Web.
|
| 650 |
|
4 |
|a Σημασιολογικός ιστός
|
| 700 |
1 |
|
|a Van Harmelen, Frank
|
| 942 |
|
|
|2 ddc
|
| 952 |
|
|
|0 0
|1 0
|2 ddc
|4 0
|6 025_040000000000000_ΑΝΤ
|7 0
|9 273034
|a MSLG
|b MSLG
|c BSC
|d 2021-01-17
|e 24
|f 0
|g 0.00
|l 0
|o 025.04 ΑΝΤ
|p 2420000023930
|r 2021-01-17 00:00:00
|t 1
|w 2021-01-17
|y BK15
|x 20090601 0 ΤΣΑΝΤΑΡΛΙΩΤΗ 1
|x GrPaTEI
|
| 952 |
|
|
|0 0
|1 0
|2 ddc
|4 0
|6 025_040000000000000_ΑΝΤ
|7 0
|9 273035
|a MSLG
|b MSLG
|c BSC
|d 2021-01-17
|e 24
|f 0
|g 0.00
|l 0
|o 025.04 ΑΝΤ
|p 2420000023931
|r 2021-01-17 00:00:00
|t 1
|w 2021-01-17
|y BK15
|x 20090601 0 ΤΣΑΝΤΑΡΛΙΩΤΗ 1
|x GrPaTEI
|
| 971 |
|
|
|a .b25812567
|b 15-04-20
|c 13-09-16
|
| 999 |
|
|
|c 158038
|d 158038
|